000 00743nam a2200265 i 4500
001 C2-0291040
003 PPAK
005 20180728023425.0
008 081013s2008 my a|||| ||||| | may d
020 _a9789833529841
040 _aPPAK
_beng
_cPPAK
_erda
082 0 4 _a398.2
_223
090 0 0 _a398.2
_bGHA
_dK
100 0 _aGhazali Ngah Azia,
_eauthor
245 1 0 _aBubur mengejar sulung
264 1 _aCheras :
_bPustaka Serindit ,
_c2008
300 _a107 pages :
_billustrations ;
_c21 cm
336 _2rdacontent
_atext
337 _2rdamedia
_aunmediated
338 _2rdacarrier
_avolume
490 1 _aSiri cerita klasik Malaysia
650 1 0 _aFolk literature, Malay
830 0 _aSiri cerita klasik Malaysia
942 _ddc
_cB
999 _c96245
_d96245